Biografický slovník - a čo ďalej? Hovoríme s riaditeľom Biografického ústavu Matice slovenskej PhDr. Augustínom Maťovčíkom, DrSc.

Bibliographic Details
Main Authors: Bábik, Ján, 1956- (Author), Maťovčík, Augustín, 1937- (Author)
Format: Article
Language:Slovak
PhysicalDescription:Fotogr. 1
ISSN:1210-1982
Subjects:

MARC

LEADER 00000nab a2200000 a 4500
001 vtls000533085
003 SK-MaSNL
005 20260304022920.0
008 120928c1994 xo 0 slo
015 |a SNBRB19rr/mm-uuuuu 
035 |a CL0533223 
040 |a SNKBUCL  |b slo  |c SNKBUCL  |e AACR2 
041 0 |a slo 
044 |a xo  |c SK 
080 |a 929:061.61(437.6)  |2 1981 
080 |a 929(437.6)(031)  |2 1981 
100 1 |a Bábik, Ján,  |d 1956-  |4 aut  |9 159420 
245 1 0 |a Biografický slovník - a čo ďalej?  |b Hovoríme s riaditeľom Biografického ústavu Matice slovenskej PhDr. Augustínom Maťovčíkom, DrSc.  |c Ján Bábik, Augustín Maťovčík 
300 |b Fotogr. 1 
610 2 7 |a Matica slovenská.  |b Biografický ústav  |2 snkbucl  |9 81627 
630 0 7 |a Slovenský biografický slovník  |x koncepcie  |2 snkbucl  |9 1302342 
651 7 |a 5306  |2 snkbucl  |9 893716 
655 7 |a články z novín a časopisov  |2 snkbucl  |9 267496 
700 1 |a Maťovčík, Augustín,  |d 1937-  |4 aut  |9 98490 
773 0 |t Knižná revue  |g Roč. 4, č. 23 (1994), s. 16  |x 1210-1982 
850 |a Slovenská národná knižnica v Martine  |a MTA001 
852 |a SNK  |b KIS3GCP 
958 |a RK 
992 |a RBX 
999 |c 2613521  |d 2615451